Cómo aprenden matemática los niños: una metodología para la enseñanza de la matemática en educación general básica
Shranjeno v:
| Main Authors: | , |
|---|---|
| Format: | Knjiga |
| Jezik: | španščina |
| Izdano: |
Santiago
Pontificia Universidad Católica de Chile
1981
|
| Teme: | |
| Oznake: |
Označite
Brez oznak, prvi označite!
|
MARC
| LEADER | 00000nam a2200000 a 4500 | ||
|---|---|---|---|
| 001 | UCZ0776 | ||
| 003 | CL-VaPUC | ||
| 008 | 950809e19810000CL |||||||||||||||||spa|d | ||
| 082 | 0 | 4 | |a 372.7 |b RIV |2 21 |
| 100 | 0 | |a Riveros Rojas, Marta |e author |9 344040 | |
| 700 | 0 | |a Zanocco Soto, Pierina |e author |9 344041 | |
| 245 | 1 | 0 | |a Cómo aprenden matemática los niños: una metodología para la enseñanza de la matemática en educación general básica |
| 300 | |a 314 p | ||
| 942 | |c BK | ||
| 945 | |d 19950809 00:00:00 |a cmena | ||
| 260 | |a Santiago |b Pontificia Universidad Católica de Chile |c 1981 | ||
| 650 | 0 | |a Matemáticas |x Enseñanza |9 875527 | |
| 650 | 0 | |a Matemática |9 260235 | |
| 650 | 0 | |a Niños |9 255605 | |
| 650 | 0 | |a Procesos de aprendizaje |9 309161 | |
| 650 | 0 | |a Métodos de enseñanza |9 270413 | |
| 650 | 0 | |a Educación básica |9 224933 | |
| 583 | |a last modification |c 19950809 00:00:00 |k Rodrigo Vera | ||
| 999 | |c 237682 |d 237680 | ||
| 952 | |0 0 |1 0 |4 0 |6 372_700000000000000_RIV_1981 |7 0 |8 R |9 247270 |a BIBEDU |b BIBEDU |c MCIRC |d 2019-11-18 |i 1555014 |l 4 |o 372.7 RIV 1981 |p 1555014 |r 2025-04-03 |s 2023-06-12 |w 2019-11-18 |y BK_R |k EDU | ||
| 952 | |0 0 |1 0 |4 0 |6 372_700000000000000_RIV_1981 |7 0 |8 R |9 247271 |a BIBEDU |b BIBEDU |d 2019-11-18 |i 1555022 |l 1 |o 372.7 RIV 1981 |p 1555022 |r 2023-01-13 |s 2022-04-25 |w 2019-11-18 |y BK_R |k EDU | ||
| 952 | |0 0 |1 0 |4 0 |6 372_700000000000000_RIV_1981 |7 0 |8 R |9 247272 |a BIBEDU |b BIBEDU |d 2019-11-18 |i 1555049 |l 3 |o 372.7 RIV 1981 |p 1555049 |r 2023-01-13 |s 2022-06-30 |w 2019-11-18 |y BK_R |k EDU | ||
| 952 | |0 0 |1 0 |4 0 |6 372_700000000000000_RIV_1981 |7 0 |8 R |9 247273 |a BIBEDU |b BIBEDU |c MCIRC |d 2019-11-18 |i 1555057 |l 2 |o 372.7 RIV 1981 |p 1555057 |r 2023-01-13 |s 2022-05-06 |w 2019-11-18 |y BK_R |k EDU | ||
| 952 | |0 0 |1 0 |4 0 |6 372_700000000000000_RIV_1981 |7 0 |8 R |9 247275 |a BIBEDU |b BIBEDU |d 2019-11-18 |i 1555073 |l 1 |o 372.7 RIV 1981 |p 1555073 |r 2023-01-13 |s 2022-04-19 |w 2019-11-18 |y BK_R |k EDU | ||